000 00778nam a2200253Ia 4500
003 OSt
005 20251008140019.0
008 220923b |||||||| |||| 00| 0 eng d
020 _a0861318927
037 _cReference
040 _aRTL
_cRTL
_beng
041 _2eng
_aeng
084 _aVb4.53.N8/SC
_qRTL
245 0 _aFrench studies in history
260 _a New Delhi
_bOrient Longmans
_c1988
300 _a335 p.
_ccm.
_bIncludes bibliographical references and index.
490 _vV1
500 _aNew Trends in the French Social Sciences
650 _aHistory
_9847728
700 _aAymard Maurice
_eEditor
_9847729
700 _aMukhia Harbans
_eEditor
_9847730
942 _hVb4.53.N8, M8.1/SC
_cREF
_2CC
_n0
999 _c606585
_d606585